header

Pest management and phytosanitary trade barriers (Record no. 118980)

MARC details
000 -LEADER
fixed length control field 01382nam a2200349Ia 4500
100 1# - MAIN ENTRY--AUTHOR NAME
Personal name Heather, Neil W.
245 10 - TITLE STATEMENT
Title Pest management and phytosanitary trade barriers
260 ## - PUBLICATION, DISTRIBUTION, ETC. (IMPRINT)
Place of publication Wallingford, UK ;
-- Cambridge, MA :
Name of publisher CABI,
Year of publication c2008.
300 ## - PHYSICAL DESCRIPTION
Number of Pages x, 257 p. :
Other physical details ill.
650 #0 - SUBJECT ADDED ENTRY--TOPICAL TERM
Topical Term Food crops
Topical Term Food crops
Topical Term Food crops
Topical Term Insect pests
Topical Term Bioterrorism.
700 1# - ADDED ENTRY--PERSONAL NAME
Personal name Hallman, Guy J.
856 40 - ELECTRONIC LOCATION AND ACCESS
Uniform Resource Identifier http://site.ebrary.com/lib/rucke/Doc?id=10202431

No items available.

© 2026 Rongo University
Contact us: librarian | system librarian | Rongo university